00443nam a2200085Ia 4500008004100000245016300041260000900204300009700213650004700310180130s9999 xx 000 0 und d cElkarmi, Fawwaz; Shikhah, Nazih Abu; Alomari, Zakariyah; Alkhatib, FawwazaA novel methodology for project assessment and evaluation in information technology c2015 aBook title: Information technology project management--Acession number C20536; pages 151-166 aPROJECT MANAGEMENT--INFORMATION TECHNOLOGY